MARC details
| 000 -CABECERA |
| campo de control de longitud fija |
03198nam a2200373 i 4500 |
| 001 - NÚMERO DE CONTROL |
| campo de control |
000048180 |
| 003 - IDENTIFICADOR DEL NÚMERO DE CONTROL |
| campo de control |
DO-SdBNP |
| 005 - FECHA Y HORA DE LA ÚLTIMA TRANSACCIÓN |
| campo de control |
20260204104629.0 |
| 007 - CAMPO FIJO DE DESCRIPCIÓN FÍSICA--INFORMACIÓN GENERAL |
| campo de control de longitud fija |
ta |
| 008 - DATOS DE LONGITUD FIJA--INFORMACIÓN GENERAL |
| campo de control de longitud fija |
181205s2014 dr ab 000 0 spa d |
| 020 ## - NÚMERO INTERNACIONAL ESTÁNDAR DEL LIBRO |
| ISBN cancelado o inválido |
9789945009798 |
| 040 ## - FUENTE DE LA CATALOGACIÓN |
| Centro catalogador/agencia de origen |
DO-SdBNP |
| Lengua de catalogación |
spa |
| Centro/agencia transcriptor |
BNPHU |
| Normas de descripción |
rda |
| 041 ## - CÓDIGO DE LENGUA |
| Código de lengua del texto/banda sonora o título independiente |
spa |
| 082 #4 - NÚMERO DE LA CLASIFICACIÓN DECIMAL DEWEY |
| Número de clasificación |
306.097293 |
| Número de documento/Ítem |
A333d 2014 |
| Número de edición |
22 |
| 100 1# - ENTRADA PRINCIPAL--NOMBRE DE PERSONA |
| Nombre de persona |
Albert Batista, Celsa, |
| Fechas asociadas al nombre |
1942- |
| Término indicativo de función/relación |
autor |
| Código de función/relación |
aut. |
| 9 (RLIN) |
30639 |
| 245 10 - MENCIÓN DE TÍTULO |
| Título |
Diversidad e identidad en República Dominicana / |
| Mención de responsabilidad, etc. |
Celsa Albert Batista ; prólogo, Mateo Morrison. |
| 250 ## - MENCIÓN DE EDICIÓN |
| Mención de edición |
Segunda edición |
| 264 #4 - PRODUCCIÓN, PUBLICACIÓN, DISTRIBUCIÓN, FABRICACIÓN Y COPYRIGHT |
| Producción, publicación, distribución, fabricación y copyright |
Santo Domingo : |
| Nombre del de productor, editor, distribuidor, fabricante |
Ministerio de cultura; |
| -- |
Ediciones INDAASEL, |
| -- |
Universidad Católica Santo Domingo, UCSD, |
| Fecha de producción, publicación, distribución, fabricación o copyright |
©2014. |
| 300 ## - DESCRIPCIÓN FÍSICA |
| Extensión |
139 páginas : |
| Otras características físicas |
ilustraciones, mapas ; |
| Dimensiones |
22 cm. |
| 336 ## - TIPO DE CONTENIDO |
| Término de tipo de contenido |
texto |
| Código de tipo de contenido |
txt |
| Fuente |
rdacontent |
| 337 ## - TIPO DE MEDIO |
| Nombre/término del tipo de medio |
sin mediación |
| Código del tipo de medio |
n |
| Fuente |
rdamedia |
| 338 ## - TIPO DE SOPORTE |
| Nombre/término del tipo de soporte |
volumen |
| Código del tipo de soporte |
nc |
| Fuente |
rdacarrier |
| 500 ## - NOTA GENERAL |
| Nota general |
Incluye datos biográficos de la autora en las solapas |
| 500 ## - NOTA GENERAL |
| Nota general |
Incluye referencias bibliográficas y notas al pie de las páginas |
| 504 ## - NOTA DE BIBLIOGRAFÍA, ETC. |
| Nota de bibliografía, etc. |
Bibliografía: páginas 127-139 |
| 505 ## - NOTA DE CONTENIDO CON FORMATO |
| Nota de contenido con formato |
Dedicatoria, 7 -- Prólogo, 11 -- Prefacio, 15 -- Liminar, Elsa López, 27 -- Introducción, 29 -- I-Algunos elementos significativos en el estudio de la diversidad en la identidad, 33 --Historia y cultura, 33 – Valores, identidad y diversidad, 38 – Educación, 45 – II-Transformación histórica de la Española: Republica Dominicana, 51 – La población Indígena: Encomienda y extracción aurífera en la colonia de la Española, 51 – Relaciones sociales de producción esclavista durante la Colonia y la identidad social (industria azucarera y hato ganadero),55 -- El mestizaje, 56 – Reacción antiesclavista de los africanos y africanas, 58 – Colonia Francesa de Saint Domingue y Colonia, siglos XVII y XVIII, 60 – La Revolución Francesa y su repercusión en las dos colonias: Colonia Francesa de Saint Domingue y Colonia Española de Santo Domingo, 63 – La Española Boba, 65 – Independencia Efímera; Haití Español, 66 – Presencia haitiana en la Parte Oriental de la Isla, 67 – Independencia nacional, 68 – III-La procedencia de los elementos étnicos del pueblo dominicano, 73 – Diversidad en la cultura dominicana, 74 – La presencia indígena, 76 – Contribución hispana a la cultura dominicana, 79 – Presencia africana en la cultura dominicana, 82 – Elementos de origen asiático en la cultura dominicana, 84 – IV-Creatividad, recreación y sincretismo cultural como fuente que propicia la diversidad en la identidad dominicana, 87 – Danzas, bailes y sus influencias en la Republica Dominicana, 91 – Otras características de la religiosidad dominicana, 96 – Sincretismo en la literatura y otras manifestaciones del arte, 99 – V-Transitar por la diacronía para llegar a la sincronía, 107 -- Al final, 113 -- Glosario, 121 |
| 590 ## - NOTA LOCAL (RLIN) |
| Nota local |
Inventariado, 2019/BT |
| 650 #4 - PUNTO DE ACCESO ADICIONAL DE MATERIA--TÉRMINO DE MATERIA |
| Término de materia o nombre geográfico como elemento de entrada |
Identidad cultural |
| Subdivisión geográfica |
República Dominicana |
| 9 (RLIN) |
1946 |
| 650 #4 - PUNTO DE ACCESO ADICIONAL DE MATERIA--TÉRMINO DE MATERIA |
| Término de materia o nombre geográfico como elemento de entrada |
Etnicidad |
| Subdivisión geográfica |
República Dominicana |
| 9 (RLIN) |
7738 |
| 650 #4 - PUNTO DE ACCESO ADICIONAL DE MATERIA--TÉRMINO DE MATERIA |
| Término de materia o nombre geográfico como elemento de entrada |
Multiculturismo |
| 9 (RLIN) |
72662 |
| 700 1# - PUNTO DE ACCESO ADICIONAL--NOMBRE DE PERSONA |
| Nombre de persona |
Morrison, Mateo, |
| Fechas asociadas al nombre |
1947- |
| Término indicativo de función/relación |
prologuista |
| 9 (RLIN) |
1469 |
| Código de función/relación |
pr. |
| 910 ## - DATOS DE OPCIÓN DEL USUARIO (OCLC) |
| Datos de opción del usuario |
Validado. Control de calidad. MFF |
| 942 ## - ELEMENTOS DE PUNTO DE ACCESO ADICIONAL (KOHA) |
| Fuente del sistema de clasificación o colocación |
Dewey Decimal Classification |
| Tipo de ítem Koha |
Libro |